[Event "Barcelona Catalunya op 26th"]
[Site "Barcelona"]
[Date "2014.11.08"]
[Round "6"]
[White "Moraleda Alvarez, Francisco"]
[Black "Alvarez Justo, Elias"]
[Result "0-1"]
[WhiteElo "1759"]
[BlackElo "1861"]
[PlyCount "90"]
[EventDate "2014.09.27"]
[EventType "swiss"]
[EventRounds "9"]
[EventCountry "ESP"]
[SourceTitle "EXT 2017"]
[Source "ChessBase"]
[SourceDate "2016.10.25"]
[SourceVersion "1"]
[SourceVersionDate "2016.10.25"]
[SourceQuality "1"]

1. e4 e6 2. c4 d5 3. exd5 exd5 4. Nf3 Nf6 5. d4 c6 6. Be2 Bd6 7. 0-0 0-0 8. c5 Bc7 9. Bd2 Bg4 10. h3 Bh5 11. Bg5 Nbd7 12. Nc3 b6 13. b4 bxc5 14. dxc5 Bxf3 15. Bxf3 Be5 16. Qd2 a6 17. Rab1 Qc7 18. Ne2 Rfe8 19. Nd4 h6 20. Be3 Rad8 21. Nf5 Ne4 22. Qc1 Re6 23. Bd4 Bf4 24. Qb2 Ndf6 25. Bxe4 dxe4 26. Be3 Be5 27. Qc1 Nd5 28. Rd1 Rde8 29. Rb3 Rg6 30. Qc2 Qc8 31. Nh4 Rf6 32. Bd4 g5 33. Bxe5 Rxe5 34. Rg3 Kf8 35. Rxd5 cxd5 36. f4 Rxf4 37. Qc3 Qc7 38. c6 Rxh4 39. a4 Rf4 40. b5 axb5 41. axb5 d4 42. Qb4+ Kg8 43. Qxd4 Rxb5 44. Qd7 Qxd7 45. cxd7 Rd5 0-1

[Event "Barcelona Catalunya op 26th"]
[Site "Barcelona"]
[Date "2014.10.04"]
[Round "2"]
[White "Moraleda Alvarez, Francisco"]
[Black "Petit Montes, Marc"]
[Result "0-1"]
[WhiteElo "1759"]
[BlackElo "2040"]
[PlyCount "54"]
[EventDate "2014.09.27"]
[EventType "swiss"]
[EventRounds "9"]
[EventCountry "ESP"]
[SourceTitle "EXT 2017"]
[Source "ChessBase"]
[SourceDate "2016.10.25"]
[SourceVersion "1"]
[SourceVersionDate "2016.10.25"]
[SourceQuality "1"]

1. e4 c6 2. Nc3 d5 3. d4 dxe4 4. Nxe4 Bf5 5. Ng3 Bg6 6. Nf3 Nd7 7. Bc4 e6 8. c3 Bd6 9. 0-0 Ne7 10. Qe2 Nf6 11. Bg5 Ned5 12. Ne4 Bxe4 13. Bxf6 Nxf6 14. Ng5 Bf5 15. Rae1 0-0 16. Nf3 Bg4 17. Qd3 Bxf3 18. Qxf3 Nd5 19. Bd3 Qh4 20. g3 Qf6 21. Qd1 Rac8 22. Re4 c5 23. Rh4 g6 24. Qg4 cxd4 25. Rh6 dxc3 26. bxc3 Rxc3 27. Bb1 Rfc8 0-1